|
|
|
|
| LEADER |
01200nam a2200301 a 4500 |
| 001 |
15336475 |
| 008 |
101024s2009 njua b 001 0 eng d |
| 010 |
|
|
|a 2008027392
|
| 020 |
|
|
|a 0132437155
|
| 020 |
|
|
|a 0131579517
|
| 020 |
|
|
|a 9780131579514
|
| 020 |
|
|
|a 9780132437158
|
| 040 |
|
|
|a DLC
|c DLC
|d YDX
|d YDXCP
|d DLC
|d BD-DhAAL
|
| 082 |
0 |
0 |
|a 658.4/038011
|2 22
|
| 245 |
0 |
0 |
|a Information systems management in practice /
|c [edited by] Barbara C. McNurlin, Ralph H. Sprague, Jr., Tung Bui.
|
| 250 |
|
|
|a 8th ed.
|
| 260 |
|
|
|a Upper Saddle River, N.J. :
|b Pearson/Prentice Hall,
|c c2009.
|
| 300 |
|
|
|a xxx, 597 p. :
|b ill. ;
|c 24 cm.
|
| 504 |
|
|
|a Includes bibliographical references and index.
|
| 541 |
1 |
|
|e 00021390
|
| 650 |
|
0 |
|a Management information systems.
|
| 650 |
|
0 |
|a Information resources management.
|
| 700 |
1 |
|
|a McNurlin, Barbara C.
|q (Barbara Canning)
|
| 700 |
1 |
|
|a Sprague, Ralph H.
|
| 700 |
1 |
|
|a Bui, Tung X.,
|d 1953-
|
| 852 |
4 |
|
|a Ayesha Abed Library
|j General Shelf.
|
| 999 |
|
|
|c 9869
|d 9869
|
| 952 |
|
|
|0 0
|1 0
|2 ddc
|4 0
|6 658_403801100000000_INF_2009
|7 0
|9 12690
|a BRACUL
|b BRACUL
|c GEN
|d 2010-10-24
|e TRIM EDUCATION
|g 3375.00
|l 8
|m 28
|o 658.4038011 INF
|p 3010021390
|r 2014-08-03
|s 2014-07-02
|t 1
|w 2010-10-24
|y BK
|